| 000 | 00398nam a22001571a 4500 | ||
|---|---|---|---|
| 020 | _a9788171193622 | ||
| 082 |
_aH4 _bGIR/U |
||
| 100 | _aGirdhar Ratti | ||
| 245 |
_aUhapoha: _bsahithya, samaj, samskrithi aaj/ _cby Girdhar Ratti |
||
| 260 |
_aNew Delhi: _bRadhakrishna, _c1998. |
||
| 300 | _a297p. | ||
| 650 | _aEssays Hindi | ||
| 650 | _aLiterature Hindi | ||
| 650 | _aLiterature | ||
| 942 | _cBK | ||
| 999 |
_c47944 _d47944 |
||